Political science and government (Record no. 22160)

000 -LEADER
fixed length control field 00451nam a22001817a 4500
001 - CONTROL NUMBER
control field 22160
003 - CONTROL NUMBER IDENTIFIER
control field BD-DhUET
008 - FIXED-LENGTH DATA ELEMENTS--GENERAL INFORMATION
fixed length control field 150423b xxu||||| |||| 00| 0 eng d
040 ## - CATALOGING SOURCE
Original cataloging agency DLC
Transcribing agency DLC
Modifying agency BD-DhUET
082 ## - DEWEY DECIMAL CLASSIFICATION NUMBER
Classification number 320
Item number HAF/1970
100 ## - MAIN ENTRY--PERSONAL NAME
Personal name Hafiz Habibur Rahman
245 ## - TITLE STATEMENT
Title Political science and government
250 ## - EDITION STATEMENT
Edition statement 8th ed.
260 ## - PUBLICATION, DISTRIBUTION, ETC. (IMPRINT)
Place of publication, distribution, etc. Dacca
Name of publisher, distributor, etc. Ideal Publications
Date of publication, distribution, etc. 1970
300 ## - PHYSICAL DESCRIPTION
Extent ix,183 p.
650 #0 - SUBJECT ADDED ENTRY--TOPICAL TERM
Topical term or geographic name as entry element Political science
942 ## - ADDED ENTRY ELEMENTS (KOHA)
Koha item type General Book
Holdings
Location (home branch) Not for loan Koha full call number Copy number Date acquired Source of classification or shelving scheme Koha item type Price effective from Sublocation or collection (holding branch) Lost status Shelving location Piece designation (barcode) Withdrawn status Koha issues (times borrowed) Koha date last seen Koha normalized classification for sorting Koha date last borrowed Damaged status
Central Library, BUET 320/HAF/197012015-04-23 Contented Book 2015-04-23Central Library, BUET Circulation section17115 12017-05-08320_000000000000000_HAF_19702017-03-19 
Central Library, BUET 320/HAF/197021970-12-15 General Book2017-05-16Central Library, BUET Circulation section17114  2017-05-16320_000000000000000_HAF_1970